| 000 | 00682nam a22002177a 4500 | ||
|---|---|---|---|
| 003 | 0 | ||
| 005 | 20240927144450.0 | ||
| 008 | 240927b xxu||||| |||| 00| 0 eng d | ||
| 020 | _a9781647266998 | ||
| 050 |
_aQA 76.585 _b.R48 2024 |
||
| 100 |
_aRevere, Sam, _eauthor. |
||
| 245 |
_aBasics of cloud computing / _cSam Revere. |
||
| 260 |
_aNew York, NY : _bClanrye International, _c2024. |
||
| 300 |
_aviii, 227 p. : _bcol. ill. ; _c26 cm. |
||
| 440 | _aEdu-Tech Learning. | ||
| 504 | _aIncludes bibliographical references and index. | ||
| 650 | _aCloud computing. | ||
| 650 |
_aElectronic data processing _xDistributed processing. |
||
| 650 | _aWeb services. | ||
| 942 |
_2lcc _cBK |
||
| 999 |
_c366406 _d366406 |
||